01167nam a22002057a 450000500170000000800410001702000180005804000070007604100080008308200180009110000170010924500130012626000370013930000220017636500620019844000210026052006420028165000200092365000180094320251106095136.0251106b |||||||| |||| 00| 0 eng d a9781398539525 cAL aeng a823.914bASHC aLauren Asher aCollided aLondonbSimon and Schusterc2024 a600pbPBc20x13cm 2Englisha4241b₹399.20c₹d₹499.00e20%f25-10-2025 aDirty air series aCreating a naughty bucket list gains Liam Zander's attention, solidifying a destined-for-failure friendship. Liam is Formula 1’s golden boy. Irresistible. Unattainable. Whisperer of seductive promises. A closet nerd who reads novels and discusses movie plot holes for fun. The type of man who should come with a complimentary roll of caution tape. He wants to strike a deal. Cross off naughty bucket list items together while traveling around the world. I should say no and walk away. Instead, we make a bet. I broke my biggest rule, unwillingly adding a new item to my list while shattering my heart—and friendship—in the process. aEnglish Fiction aEnglish Novel